000 01503nam2a22002771 4500
001 rc\470307
005 20210215165725.0
021 _aRU
_bКН-П-19-094876
_9КН-П-19-6953
035 _a(NLR Aleph) 005808503
090 _a5365192
_c5365192
100 _a20030616d1987 u y0rusy50 ca
101 0 _arus
102 _aRU
105 _ay |||||||||
200 0 _a... за 1984-1987 гг.
_fСоставитель Е.С. Зайцева
_gРедактор Л.В. Чернова
210 _d1987
215 _a82, [1] с.
461 0 _1001rc\470306
_12001#$aИнтенсивные технологии возделывания зерновых культур$eУказ. лит. ...отеч., иностр.$fВНИИТЭИагропром, Центр. науч. с.-х. б-ка ВАСХНИЛ$v... за 1984-1987 гг.
_95365186
_cМ.
_fВНИИТЭИагропром, Центр. науч. с.-х. б-ка ВАСХНИЛ
_nЦНСХБ
_oУказ. лит. ...отеч., иностр.
_tИнтенсивные технологии возделывания зерновых культур
_v... за 1984-1987 гг.
702 1 _4220
_7ca
_8rus
_aЗайцева
_bЕ. С
_cбиблиограф
_9226761
_3RU\NLR\AUTH\770226817
702 1 _4340
_7ca
_8rus
_aЧернова
_bЛ. В.
_cбиблиограф
_f1935-
_gЛилия Васильевна
_9226471
_3RU\NLR\AUTH\770226527
801 0 _aRU
_bNLR
_gpsbo
801 1 _aRU
_bELAR
_2rusmarc
852 _aNLR
_bС
_jК-1/4242
942 _cBOOK
980 _aNB